[Event "Hessen-ch Gr-C"]
[Site "Idstein"]
[Date "2009.04.10"]
[Round "4"]
[White "Gutacker, Stephan"]
[Black "Zhukov, Leonid"]
[Result "0-1"]
[WhiteElo "1967"]
[BlackElo "1770"]
[PlyCount "58"]
[EventDate "2009.04.08"]
[EventType "swiss"]
[EventRounds "7"]
[EventCountry "GER"]
[SourceTitle "EXT 2010"]
[Source "ChessBase"]
[SourceDate "2010.11.25"]
[SourceVersion "1"]
[SourceVersionDate "2010.11.25"]
[SourceQuality "1"]

1. e4 e5 2. Nf3 Nf6 3. Bc4 Nxe4 4. Nc3 Nxc3 5. dxc3 f6 6. Nh4 g6 7. 0-0 Qe7 8. Kh1 d6 9. f4 Nc6 10. f5 Qg7 11. Qe2 Be7 12. g4 Bd7 13. b4 a6 14. Be3 g5 15. Ng2 h5 16. Bf2 hxg4 17. Ne3 Qh7 18. Bg3 Na7 19. Qxg4 Qh3 20. Qxh3 Rxh3 21. Kg2 Rh7 22. a4 c6 23. b5 cxb5 24. axb5 Bxb5 25. Rfd1 Bxc4 26. Nxc4 Nb5 27. Ne3 Nxc3 28. Rd3 Rc8 29. Be1 Ne2 0-1